[Event "FIDE WCh KO"]
[Site "Moscow RUS"]
[Date "2001.11.27"]
[Round "1.1"]
[White "Delchev,A"]
[Black "Timoshenko,G"]
[Result "1-0"]
[WhiteElo "2634"]
[BlackElo "2555"]

1.d4 Nf6 2.c4 e6 3.g3 d5 4.Bg2 dxc4 5.Nf3 Nc6 6.Qa4 Bb4+ 7.Bd2 Nd5 8.Bxb4 Nxb4
9.O-O a6 10.Ne5 O-O 11.Nxc6 Nxc6 12.Bxc6 bxc6 13.Qxc4 Rb8 14.b3 Qd6 15.Rc1 Bd7
16.Nd2 Rb4 17.Qxa6 Rxd4 18.Nc4 Qd5 19.Qa7 Rc8 20.Ne3 Qd6 21.Qc5 Ra8 22.a4 Qxc5
23.Rxc5 Kf8 24.Kf1 Ke7 25.Ke1 f6 26.Rd1 Rd6 27.f4 g6 28.Rc3 Rb8 29.Nc4 Rd5
30.e4 Rxd1+ 31.Kxd1 g5 32.fxg5 fxg5 33.Ke2 Be8 34.Ke3 c5 35.Nd2 Kd6 36.Rd3+ Ke7
37.e5 Bc6 38.Rc3 Bd5 39.Rxc5 c6 40.Rc3 Rb4 41.Kd3 h5 42.Rc1 h4 43.Kc3 c5
44.Kb2 Rd4 45.Nc4 Kd7 46.Na5 Re4 47.Rxc5 Rxe5 48.gxh4 gxh4 49.Rc2 Rg5 50.Nc4 Be4
51.Nb6+ Kd6 52.Rc4 Rg2+ 53.Kc3 Re2 54.a5 h3 55.Rxe4 Rxe4 56.a6 Re1 57.a7 Ra1
58.Kb2 Rxa7 59.Nc8+ Kd5 60.Nxa7 e5 61.Kc3 Ke4 62.Nc6 Kf3 63.Nxe5+ Kg2 64.Ng4 Kf3
65.Kd4 Kxg4 66.Ke4 Kg5 67.Kf3  1-0

[Event "FIDE WCh KO"]
[Site "Moscow RUS"]
[Date "2001.11.29"]
[Round "2.1"]
[White "Lastin,A"]
[Black "Zhang Zhong"]
[Result "1/2-1/2"]
[WhiteElo "2628"]
[BlackElo "2657"]

1.e4 c6 2.d4 d5 3.e5 c5 4.Nf3 Nc6 5.c4 e6 6.cxd5 exd5 7.Bb5 Bd7 8.O-O cxd4
9.Nxd4 Bc5 10.Nb3 Bb6 11.Nc3 Be6 12.a4 a5 13.Ne2 Ne7 14.Bg5 O-O 15.Bxc6 bxc6
16.Rc1 Rc8 17.Nc5 h6 18.Bh4 g5 19.Bg3 Nf5 20.Nd4 Qe7 21.Nxf5 Bxf5 22.Qd4 Rb8
23.h3 Ba7 24.Qc3 Rb4 25.Na6 Rb6 26.Nc5 Rd8 27.Nb3 Ra6 28.Nd4 Bd7 29.e6 Bxd4
30.exf7+ Qxf7 31.Qxd4 Re8 32.Be5 Qg6 33.Rce1 Raa8 34.Qb6 g4 35.h4 Bf5 36.h5 Qxh5
37.Qxc6 Be4 38.Bd4 Qg6 39.Rc1 h5 40.Qxg6+  1/2-1/2

[Event "FIDE WCh KO"]
[Site "Moscow RUS"]
[Date "2001.12.05"]
[Round "4.6"]
[White "Topalov,V"]
[Black "Shirov,A"]
[Result "1-0"]
[WhiteElo "2733"]
[BlackElo "2706"]

1.e4 e5 2.Nf3 Nf6 3.Nxe5 d6 4.Nf3 Nxe4 5.d4 d5 6.Bd3 Nc6 7.O-O Be7 8.c4 Nb4
9.Be2 O-O 10.Nc3 Be6 11.Be3 Bf5 12.Qb3 c6 13.g4 Bxg4 14.c5 a5 15.a3 Na6 16.Qxb7 Nc7
17.Ne5 Bxe2 18.Nxc6 Qd7 19.Nxe2 Ra6 20.Ne5 Qd8 21.Ng3 Bf6 22.Nxe4 dxe4 23.Qxe4 Re6
24.c6 Bxe5 25.dxe5 f5 26.Qc4 f4 27.Bb6 Qd5 28.Qxd5 Nxd5 29.Bxa5 f3 30.c7 Nf4
31.Rac1 Ne2+ 32.Kh1 Nxc1 33.Rxc1 Rc8 34.Rd1 Kf7 35.Rd8 Rc6 36.h3 R8xc7 37.Bxc7 Rxc7
38.Rd3 Rc2 39.Rxf3+ Ke6 40.b4 Kxe5 41.Kg2 Rb2 42.Rf7 Kd5  1-0